000 01144nam a2200253 i 4500
001 155125
003 ES-MaACL
005 20250719063317.0
008 000119s1880 sp |||| | spa d
040 _aCAM
_bspa
_cCAM
100 1 _aHartzenbusch, Juan Eugenio,
_d1806-1880
_eaut
_962011
245 1 0 _aHeliodora o El amor enamorado :
_bzarzuela en tres actos en verso y en prosa /
_cde Juan Eugenio Hartzenbusch ; música del maestro Emilio Arrieta.
260 _aMadrid :
_b[s.n.],
_c1880
_f(Imp. de José Rodríguez)
300 _a68 páginas ;
_c19 cm.
500 _aRepresentada por primera vez en el Teatro de Apolo el 28 de setiembre de 1880
500 _aSólo el texto
655 4 _9193637
_aZarzuelas
700 1 _aArrieta, Emilio,
_d1821-1894
_emus
_9224497
740 3 2 _aEl amor enamorado
852 _aES-MaACL
_cDEPOF
_gDedic. ms. del hijo del autor a Rafael Álvarez Sereix
_gDedic. ms. de Rafael Álvarez Sereix al Ateneo de Madrid
_hDonativo de Rafael Álvarez Sereix
_jT-417-F-5
_xHolandesa, falto de cub. original
942 _2udc
_cFOLLETOS
_n0
999 _c155125
_d155125